|
|
|
|
| LEADER |
00000nam0a2200000 4500 |
| 001 |
72795 |
| 005 |
20231031083846.0 |
| 035 |
|
|
|a (RuTPU)RU\TPU\book\77627
|
| 090 |
|
|
|a 72795
|
| 100 |
|
|
|a 20050131d2001 m y0rusy50 ca
|
| 101 |
0 |
|
|a rus
|
| 102 |
|
|
|a RU
|
| 105 |
|
|
|a y z 001zy
|
| 200 |
1 |
|
|a Паблик рилейшнз в культуре библиотек
|f Государственная публичная научно-техническая библиотека России; сост. Е. М. Я стребова
|
| 210 |
|
|
|a Москва
|d 2001
|
| 215 |
|
|
|a 31 с.
|
| 320 |
|
|
|a Список литературы: с. 27-30
|
| 610 |
1 |
|
|a связи с общественностью
|
| 610 |
1 |
|
|a управление
|
| 610 |
1 |
|
|a маркетинг библиотечный
|
| 610 |
1 |
|
|a реклама
|
| 610 |
1 |
|
|a практикумы
|
| 686 |
|
|
|a Ч737
|v LBC/SL-A
|2 rubbk
|
| 702 |
|
1 |
|a Я стребова
|b Е. М.
|4 220
|
| 712 |
0 |
2 |
|a Государственная публичная научно-техническая библиотека России (ГПНТБ России)
|c (Москва)
|2 stltpush
|3 (RuTPU)RU\TPU\col\12
|
| 801 |
|
1 |
|a RU
|b 63413507
|c 20050131
|g PSBO
|
| 801 |
|
2 |
|a RU
|b 63413507
|c 20090417
|g PSBO
|
| 942 |
|
|
|c BK
|